| 000 | 00415nam a2200157Ia 4500 | ||
|---|---|---|---|
| 008 | 210210b2003 xxu||||| |||| 00| 0 eng d | ||
| 020 | _a81 7888 142 X | ||
| 082 | _a954.03 NANH | ||
| 100 | _aNANDA (S P). | ||
| 245 | _aHistory of modern india (1757-1947). | ||
| 260 |
_aND _bDominant Publishers and Distributors _c2003 |
||
| 300 | _a534 | ||
| 650 | _aModern India | ||
| 690 | _aIndian History | ||
| 906 | _a059454 | ||
| 999 |
_c106754 _d106754 |
||